| 000 | 00796nam a22001817a 4500 | ||
|---|---|---|---|
| 005 | 20251108172854.0 | ||
| 008 | 250721s2004 xx 000 0 ara d | ||
| 082 | 1 | 4 | _a956.6045/عنا |
| 100 | 1 | _aالعنابي، فاطمة الزهراءغربي | |
| 245 | 1 | 0 | _aالإسلام في تركيبة الفكر السعودي ... حدوده و أبعاده خادم الحرمين الملك فهد بن عبد العزيز آل سعود / |
| 264 | 1 |
_aاربد : _bالمؤلفة، _c2004. |
|
| 300 | _a330ص. | ||
| 490 | 0 | _aسلسلة مفهوم الزعامة في الخطاب العربي : دراسات أكاديمية وزارية | |
| 650 | 1 | 7 | _aتاريخ السعودية |
| 650 | 1 | 7 | _aعهدلا الملك فهد بن عبد العزيز 1902 |
| 942 |
_2ddc _cBK |
||
| 999 |
_c90565 _d90565 |
||